| 000 | 00684nam a22002057a 4500 | ||
|---|---|---|---|
| 005 | 20170825113436.0 | ||
| 010 | _aENG-120030 | ||
| 020 | _c200.00 | ||
| 035 | _aEN-103562 | ||
| 037 | _bDBAD/PUB | ||
| 082 | _a823.912 | ||
| 100 | _aVaradharajan, T.S. | ||
| 245 |
_aJohn galsworthy's the forsyte saga - a new historicist perspective / _cby T.S. Varadharajan, |
||
| 260 |
_aChennai _bEmerald Publishers _c2016 |
||
| 270 |
_a15A, First Floor, Casa Major Road Egmore, _bChennai _e600008 |
||
| 300 |
_a140p. _c22cm(pbk) |
||
| 500 | _aSame ISBN - 9788179664247 EN-103265 | ||
| 500 | _aIncludes bibliographical references | ||
| 942 |
_2ddc _cEN _h823.912 _mVAR |
||
| 999 |
_c143813 _d143813 |
||